| 000 | 00401nam a2200157Ia 4500 | ||
|---|---|---|---|
| 005 | 20240807062139.0 | ||
| 008 | 240806s9999||||xx |||||||||||||| ||eng|| | ||
| 041 | _aeng | ||
| 082 |
_a294.59215 _bMISA |
||
| 100 | _aMisra Dr. Rajendr Prasad | ||
| 245 | 0 |
_aArthavedeey sayan bhasha gat / _cMisra Dr. Rajendr Prasad |
|
| 260 | _bHarileela Pub. All. | ||
| 300 | _a488 | ||
| 650 | _aSanskrit | ||
| 942 | _cBK | ||
| 999 |
_c9903 _d9903 |
||